000
00278nam a2200145Ia 4500
100
_a
Parker
942
_c
BK
654
_a
Data
245
_a
Materials Data Book
260
_b
McGraw Hill
_c
2001
082
_a
621.1
_b
PAR
300
_a
398
546
_a
ENGLISH
999
_c
26871
_d
26871